| 000 | 00647nam a2200205 a 4500 | ||
|---|---|---|---|
| 005 | 20230316063552.0 | ||
| 008 | 991125s1992 mx 000 0 spa u | ||
| 020 | _a968606272X | ||
| 035 | _aUPN01000050182 | ||
| 049 | _aI | ||
| 050 | 4 |
_aPZ8.7 _bA58 |
|
| 100 | 1 |
_aAhlberg, Allan, _d1938- _928683 |
|
| 245 | 1 | 1 |
_a¡Qué risa de huesos! / _ctexto de Allan Ahlberg ; il. Janet Ahlberg ; tr. Miguel A. Diéguez. |
| 260 |
_aMéxico : _bAltea : _bSEP, _c1992. |
||
| 300 |
_a34 p. : _bil. |
||
| 534 |
_pTraducción de: _tFunnybones |
||
| 650 | 4 |
_aCuentos infantiles ingleses _910002 |
|
| 650 | 4 |
_aHUMORISMO Y AGUDEZAS INGLESES _924718 |
|
| 905 | _aInfantil | ||
| 999 |
_c50182 _d50182 |
||